000 01557nam a2200313 4500
001 206
003 OSt
005 20250528074014.0
008 250203b |||||||g |||| 00| 1 eng d
020 _a8574920142
040 _bpor
041 _hrus
_apor
082 _a891.73
_bD724a
100 1 _aDostoiévski, Fiódor,
_d1821-1881
_9386
240 _aСело Степанчиково и его обитатели
245 _aA aldeia de Stiepântchikov e seus habitantes -
_b Memórias de um desconhecido /
_cDostoiévski, Fiódor ; Tradução de Klara Gourianova
260 _aSão Paulo
_bNova Alexandria
_c2001
300 _a240 p.
520 _aEste livro destaca-se na obra de Dostoievski por representar uma de suas faces mais surpreendentes, como escritor: o prosador satírico, criador de personagens e narrativas cômicas e patéticas. Ambientado em uma propriedade rural do interior da Rússia, A Aldeia de Stiepântchikov e Seus Habitantes narra as intrigas e confusões que se dão na convivência de uma família cercada por estranhos agregados e parasitas. No centro dos acontecimentos está Fomá Opískin - com um passado de bufão da corte, mas com uma pretensão de ser considerado um grande pensador - dominando a todos com seus caprichos e excentricidades.
650 0 _aLiteratura Russa
_9195
650 0 _aHistórico
_953
650 0 _aHumor
_960
650 0 _aClássicos
_977
650 0 _aDrama
_918
655 0 _aRomance
_923
655 0 _aFicção
_922
700 _aKlara Gourianova
_eTradutor
_9387
942 _2ddc
_n0
_cBK
999 _c206
_d206